<?xml version="1.0" encoding="UTF-8"?>
<marc:record xmlns:marc="http://www.loc.gov/MARC21/slim">
   <marc:leader>00000nam a2200000 a 4500</marc:leader>
   <marc:datafield ind1="1" ind2=" " tag="100">
      <marc:subfield code="a">Gehrmann, Kristina</marc:subfield>
      <marc:subfield code="4">aut</marc:subfield>
      <marc:subfield code="e">Verfasser/-in</marc:subfield>
   </marc:datafield>
   <marc:datafield ind1="0" ind2="0" tag="245">
      <marc:subfield code="a">Bloody Mary</marc:subfield>
   </marc:datafield>
   <marc:datafield ind1="0" ind2="0" tag="245">
      <marc:subfield code="b">die Geschichte der Mary Tudor</marc:subfield>
   </marc:datafield>
   <marc:datafield ind1="0" ind2="0" tag="245">
      <marc:subfield code="c">Kristina Gehrmann</marc:subfield>
   </marc:datafield>
   <marc:datafield ind1=" " ind2="1" tag="264">
      <marc:subfield code="a">Hamburg</marc:subfield>
      <marc:subfield code="b">Carlsen</marc:subfield>
      <marc:subfield code="c">2021</marc:subfield>
   </marc:datafield>
   <marc:datafield ind1=" " ind2=" " tag="250">
      <marc:subfield code="a">Originalausgabe</marc:subfield>
   </marc:datafield>
   <marc:datafield ind1="1" ind2=" " tag="520">
      <marc:subfield code="a">Angaben aus der Verlagsmeldung

Bloody Mary : Das Leben der Mary Tudor / von Kristina Gehrmann

Mary Tudor, war Tochter von Heinrich VIII. und Katharina von Aragon, Bei ihrem Amtsantritt war das Land in desolatem Zustand und Mary war sich sicher, das der Grund die Abkehr vom wahren Glauben, nämlich dem katholischen, sei. Entsprechend energisch setzte sie sich für die Rekatholisierung ein, aber schnell wurde aus der Lichtgestalt Mary "die Blutige".

 

Kristina Gehrman schildert das Leben Mary I. von deren Kindheit an, den Druck und die Einschränkungen mit denen sie aufwuchs und die furchtlose Frau, die mit allen Mitteln für das kämpfte, was sie als Gerechtigkeit empfand. Dank akribischer Recherche und mit feinem Strich vermittelt Gehrmann einen Blick auf den Menschen Mary.

</marc:subfield>
   </marc:datafield>
   <marc:datafield ind1=" " ind2=" " tag="020">
      <marc:subfield code="a">9783551793492</marc:subfield>
      <marc:subfield code="9">9783551793492</marc:subfield>
   </marc:datafield>
   <marc:datafield ind1=" " ind2=" " tag="020">
      <marc:subfield code="a">3551793492</marc:subfield>
      <marc:subfield code="9">3551793492</marc:subfield>
   </marc:datafield>
   <marc:datafield ind1=" " ind2=" " tag="041">
      <marc:subfield code="a">ger</marc:subfield>
   </marc:datafield>
   <marc:datafield ind1=" " ind2=" " tag="300">
      <marc:subfield code="a">327 Seiten</marc:subfield>
   </marc:datafield>
</marc:record>
